000 00238nam a2200097Ia 4500
001 1250415
005 20251031150855.0
008 251031s9999 xx 000 0 und d
245 0 _cALBERT CAMUS
_aE-5 MUTLU ÖLÜM
260 _bCAN YAYINLARI
999 _c1250415
_d1250415